[Event "CHIJ IIII"]
[Site "SchemingMind.com"]
[Date "2021.03.01"]
[Round "-"]
[White "splinter"]
[Black "Gilligan"]
[Result "1-0"]
[WhiteCountry "CAN"]
[BlackCountry "USA"]
[WhiteElo "1853"]
[WhiteRD "85"]
[BlackElo "1695"]
[BlackRD "56"]
[GameID "708920"]

1. c4 e5 2. Nc3 Nf6 3. g3 d6 4. Bg2 c6 5. Nf3 Be7 6. O-O O-O 7. Qc2 Nbd7 8. b3 Qc7 9. Bb2 b6 10. Rad1 Bb7
11. d4 Rad8 12. Ng5 d5 13. dxe5 Nxe5 14. cxd5 h6 15. dxc6 Bxc6 16. Nb5 Qb7 17. Bxc6 Nxc6 18. Bxf6 hxg5 19. Bxe7 Nxe7 20. Nd4 g6
21. Rd3 Nd5 22. Qd2 Qc8 23. Qxg5 Nb4 24. Rc1 Qb7 25. Rd2 Rd5 26. Qf4 Kg7 27. Rc7 Qa8 28. Ne6+ Kg8 29. Qf6 fxe6 30. Qg7#
1-0

[Event "CHIJ IIII"]
[Site "SchemingMind.com"]
[Date "2021.03.02"]
[Round "-"]
[White "eliecercruzr"]
[Black "Gilligan"]
[Result "1-0"]
[WhiteCountry "CUB"]
[BlackCountry "USA"]
[WhiteElo "2118"]
[WhiteRD "129"]
[BlackElo "1695"]
[BlackRD "56"]
[GameID "708921"]

1. d4 d5 2. c4 e6 3. Nc3 Nf6 4. cxd5 exd5 5. Bg5 Nbd7 6. e3 c6 7. Bd3 Be7 8. Qc2 O-O 9. Nf3 h6 10. Bh4 b6
11. O-O Bb7 12. Rfe1 c5 13. Bf5 Qc7 14. Bg3 Qd8 15. Rad1 a6 16. e4 dxe4 17. Ne5 cxd4 18. Rxd4 Bc8 19. Nc6 Qe8 20. Nxe4 Nxe4
21. Rdxe4 Nc5 22. Nxe7+ Kh8 23. Ng6+ fxg6 24. Rxe8 Bxf5 25. Rxf8+ Rxf8 26. Qc3 Rc8 27. Re7 Rg8 28. Be5 Ne6 29. Qe3 g5 30. Qxb6 Kh7
31. Qxa6 Nc5 32. Qf6
1-0

[Event "CHIJ IIII"]
[Site "SchemingMind.com"]
[Date "2021.03.01"]
[Round "-"]
[White "MichaelChess"]
[Black "Gilligan"]
[Result "1-0"]
[WhiteCountry "CUB"]
[BlackCountry "USA"]
[WhiteElo "2306"]
[WhiteRD "102"]
[BlackElo "1706"]
[BlackRD "56"]
[GameID "708922"]

1. e4 e5 2. Nf3 Nf6 3. Nxe5 Bc5 4. d4 Bb6 5. Bc4 O-O 6. Nxf7 Rxf7 7. Bxf7+ Kxf7 8. e5 Ne8 9. Qh5+ Kg8 10. Bg5 g6
11. Qh4 Nf6 12. exf6 Qe8+ 13. Kd2 d6 14. Re1 Qc6 15. f7+
1-0

[Event "CHIJ IIII"]
[Site "SchemingMind.com"]
[Date "2021.03.01"]
[Round "-"]
[White "Helga1946"]
[Black "Transcendent"]
[Result "1/2-1/2"]
[WhiteCountry "GER"]
[BlackCountry "ENG"]
[WhiteElo "2250"]
[WhiteRD "69"]
[BlackElo "2070"]
[BlackRD "69"]
[GameID "708923"]

1. Nf3 d5 2. d4 Nf6 3. c4 c6 4. cxd5 cxd5 5. Nc3 Nc6 6. Bf4 a6 7. e3 Bg4 8. Rc1 e6 9. h3 Bh5 10. Qb3 Bxf3
11. gxf3 Na5 12. Qa4+ Nc6 13. Qb3 Ra7 14. Rg1 Be7 15. Bd3 O-O 16. Bh6 Ne8 17. Kf1 Kh8 18. Bf4 Nf6 19. Na4 Nd7 20. a3 Na5
21. Qc2 b5 22. Nc5 Nxc5 23. dxc5 Nc6 24. Kg2 e5 25. Bg3 Bh4 26. Rgd1 Qf6 27. Qe2 Rd8 28. Bc2 g6=
1/2-1/2

[Event "CHIJ IIII"]
[Site "SchemingMind.com"]
[Date "2021.03.01"]
[Round "-"]
[White "splinter"]
[Black "Transcendent"]
[Result "0-1"]
[WhiteCountry "CAN"]
[BlackCountry "ENG"]
[WhiteElo "1816"]
[WhiteRD "75"]
[BlackElo "2070"]
[BlackRD "69"]
[GameID "708924"]

1. c4 e5 2. Nc3 Bb4 3. Nd5 Bc5 4. e3 Nf6 5. b4 Be7 6. Nxe7 Qxe7 7. a3 O-O 8. Nf3 d6 9. Qc2 e4 10. Nd4 c5
11. Nb3 Nc6 12. bxc5 dxc5 13. Bb2 Bf5 14. Be2 Ne5 15. O-O Rad8 16. Bxe5 Qxe5 17. Na5 Qc7 18. Nb3 Rfe8 19. Qc3 Ng4 20. Bxg4 Bxg4
21. Nc1 Rd6 22. d4 cxd4 23. exd4 Rh6 24. g3 Bf3 25. Re1 Qd7 26. Re3 Qh3 27. Rxf3 Qxh2+ 28. Kf1 Qh1+
0-1

[Event "CHIJ IIII"]
[Site "SchemingMind.com"]
[Date "2021.03.06"]
[Round "-"]
[White "ramesse"]
[Black "Transcendent"]
[Result "1-0"]
[WhiteCountry "SVK"]
[BlackCountry "ENG"]
[WhiteElo "2552"]
[WhiteRD "76"]
[BlackElo "2051"]
[BlackRD "69"]
[GameID "708925"]

1. e4 e6 2. d4 d5 3. Nc3 Bb4 4. e5 c5 5. a3 Bxc3+ 6. bxc3 Qa5 7. Bd2 Qa4 8. Qg4 Kf8 9. Qd1 Ne7 10. Qb1 Nbc6
11. Nf3 c4 12. g3 h6 13. h4 Ke8 14. Bg2 Kd8 15. Nh2 b6 16. Nf1 Bb7 17. Ne3 Kc7 18. h5 Raf8 19. Kf1 f6 20. exf6 Rxf6
21. Ng4 Rf7 22. Bf4+ Kd8 23. Bh3 Rhf8 24. Ne3 e5 25. dxe5 d4 26. Qd1 Ke8 27. Qd2 Nxe5 28. Qxd4
1-0

[Event "CHIJ IIII"]
[Site "SchemingMind.com"]
[Date "2021.03.05"]
[Round "-"]
[White "Helga1946"]
[Black "ramesse"]
[Result "1/2-1/2"]
[WhiteCountry "GER"]
[BlackCountry "SVK"]
[WhiteElo "2282"]
[WhiteRD "69"]
[BlackElo "2568"]
[BlackRD "73"]
[GameID "708926"]

1. e4 e5 2. Nf3 Nc6 3. Bb5 a6 4. Bxc6 dxc6 5. O-O Bg4 6. h3 h5 7. d3 Qf6 8. Be3 Bxf3 9. Qxf3 Qxf3 10. gxf3 Bd6
11. Nd2 Ne7 12. Nc4 Ng6 13. Rfd1 Nh4 14. f4 exf4 15. Nxd6+ cxd6 16. Bxf4 Kd7 17. Bg3 Nf3+ 18. Kg2 Nd4 19. c3 Ne6 20. h4 Rh6
21. d4 Rg6 22. Rf1 Re8 23. Kh3 Nd8 24. f3 d5 25. Rae1 Rge6 26. e5 Rg6 27. b4 f6 28. Rg1 Ne6 29. Ref1 f5 30. Rh1 f4
31. Bf2 Rh8 32. a4 Nc7 33. Kh2 Ne6 34. Rb1 Nc7 35. a5 Ke6 36. Rhg1 Rhh6 37. Rxg6+ Rxg6 38. Rc1 Nb5 39. Rc2 Kf5 40. Kh3 Nc7
41. Rc1 Ne6 42. Rf1 Nc7 43. Rc1= Nb5 44. Kh2 Na3 45. Kh3 Nc4=
1/2-1/2

[Event "CHIJ IIII"]
[Site "SchemingMind.com"]
[Date "2021.03.05"]
[Round "-"]
[White "ramesse"]
[Black "JAHI"]
[Result "1-0"]
[WhiteCountry "SVK"]
[BlackCountry "INT"]
[WhiteElo "2573"]
[WhiteRD "75"]
[BlackElo "2019"]
[BlackRD "72"]
[GameID "708927"]

1. e4 d6 2. d4 g6 3. Nc3 Bg7 4. Be3 a6 5. Qd2 a5 6. Nf3 Na6 7. O-O-O Bd7 8. e5 a4 9. a3 e6 10. d5 dxe5
11. Bg5 f6 12. Nxe5 fxg5 13. Nxd7 Kxd7 14. dxe6+ Ke8 15. Qe2 Qf6 16. Qb5+ Kf8 17. Rd7 Ne7 18. Qxb7 Re8 19. Bxa6 Qf4+ 20. Kb1 Bxc3
21. bxc3 c6 22. Rhd1 Qf6 23. Rc7 h6 24. Rdd7 Rh7 25. Qb4 Qxf2 26. Rxc6 Kg8 27. Rcc7 Qf6 28. Bb5 h5 29. Kb2 g4 30. Bxa4 Rg7
31. Bb3 Kh7 32. a4 Nf5 33. Qf4 Rge7 34. a5 Kg7 35. a6 g5 36. Qxf5 Qxf5 37. Rxe7+ Rxe7 38. Rxe7+ Kg6 39. a7 Qf8 40. Rf7 Qd8
41. e7 Qe8 42. Rf8 Qxe7 43. a8=Q Kh7 44. Rh8+ Kg6 45. Qd5 h4 46. Rg8+ Kh5 47. Qf5 Qa3+ 48. Kxa3 g3 49. Qg6+ Kg4 50. Qxg5#
1-0

[Event "CHIJ IIII"]
[Site "SchemingMind.com"]
[Date "2021.03.05"]
[Round "-"]
[White "splinter"]
[Black "ramesse"]
[Result "0-1"]
[WhiteCountry "CAN"]
[BlackCountry "SVK"]
[WhiteElo "1829"]
[WhiteRD "80"]
[BlackElo "2568"]
[BlackRD "73"]
[GameID "708928"]

1. c4 e5 2. Nc3 Nf6 3. g3 Bb4 4. Qc2 O-O 5. a3 Bxc3 6. Qxc3 d5 7. Bg2 d4 8. Qc2 c5 9. d3 h6 10. Nf3 Re8
11. O-O Nc6 12. Nd2 a5 13. Ne4 Nxe4 14. Bxe4 Bh3 15. Re1 f5 16. Bd5+ Kh8 17. e3 e4 18. dxe4 Ne5 19. f4 Nf3+ 20. Kf2 fxe4
21. Bxe4 Nxe1 22. Kxe1 Re7 23. Bf3 Qe8
0-1

[Event "CHIJ IIII"]
[Site "SchemingMind.com"]
[Date "2021.03.05"]
[Round "-"]
[White "eliecercruzr"]
[Black "ramesse"]
[Result "1/2-1/2"]
[WhiteCountry "CUB"]
[BlackCountry "SVK"]
[WhiteElo "2141"]
[WhiteRD "125"]
[BlackElo "2506"]
[BlackRD "101"]
[GameID "708929"]

1. d4 d5 2. c4 c6 3. Nf3 Nf6 4. e3 e6 5. b3 Nbd7 6. Bd3 Bd6 7. Bb2 O-O 8. O-O b6 9. Qc2 Bb7 10. Nbd2 c5
11. cxd5 cxd4 12. dxe6 fxe6 13. Nxd4 Nc5 14. Be2 Rc8 15. Nc4 Bb8 16. f4 Be4 17. Qd1 Nd5 18. Bf3 Bxf3 19. Rxf3 Qd7 20. Rh3 b5
21. Nxb5 Qxb5 22. Qh5 h6 23. Rg3 Rf7 24. Qxh6 Qb7 25. Qg6 Ne7 26. Qh5 Nf5 27. Rh3 Nh6 28. Qg5 Ne4 29. Qg6 Bxf4 30. exf4 Rxc4
31. Bxg7 Rxg7 32. Qxe6+ Kf8 33. bxc4=
1/2-1/2

[Event "CHIJ IIII"]
[Site "SchemingMind.com"]
[Date "2021.03.05"]
[Round "-"]
[White "MichaelChess"]
[Black "ramesse"]
[Result "1/2-1/2"]
[WhiteCountry "CUB"]
[BlackCountry "SVK"]
[WhiteElo "2356"]
[WhiteRD "96"]
[BlackElo "2573"]
[BlackRD "75"]
[GameID "708930"]

1. e4 e5 2. Nf3 Nc6 3. Bc4 Bc5 4. c3 Nf6 5. d3 d6 6. O-O O-O 7. Re1 h6 8. Nbd2 a5 9. Nf1 Be6 10. Bb5 Ne7
11. d4 exd4 12. cxd4 Bb6 13. Ng3 d5 14. e5 Ne4 15. Nxe4 dxe4 16. Rxe4 c5 17. b3 cxd4 18. Ba3 Nd5 19. Bxf8 Nc3 20. Qd3 Bf5
21. Bxg7 Bxe4 22. Bf6 Bxd3 23. Bxd8 Bxb5 24. Bxb6 Ne2+ 25. Kh1 d3 26. h3 a4 27. bxa4 Rxa4 28. Be3 Bc4 29. a3 b5 30. Bd2 Kh7
31. Kh2 h5 32. Bb4 Kg6 33. Nh4+ Kh7 34. Nf3 Kg6 35. Nh4+ Kh7 36. Nf3=
1/2-1/2

[Event "CHIJ IIII"]
[Site "SchemingMind.com"]
[Date "2021.03.06"]
[Round "-"]
[White "Kenny Elliott"]
[Black "David Perna-Fraser"]
[Result "0-1"]
[WhiteCountry "USA"]
[BlackCountry "CAN"]
[WhiteElo "1553"]
[WhiteRD "61"]
[BlackElo "1935"]
[BlackRD "79"]
[GameID "708931"]

1. d4 Nf6 2. c4 e6 3. Nc3 Bb4 4. Bd2 d5 5. Nf3 O-O 6. Qb3 Nc6 7. Ne5 Nxd4 8. Qd1 Nf5 9. e4 dxe4 10. Nxe4 Bxd2+
11. Nxd2 Qd4 12. Nef3 Qxb2 13. Be2 Rd8 14. O-O e5 15. Qe1 e4 16. Nxe4 Nxe4 17. h3 Nc3 18. Ng5 Nxe2+ 19. Kh1 Qe5 20. f4 Nfg3+
21. Kh2 Nxf1+ 22. Qxf1 Qxf4+ 23. Qxf4 Nxf4
0-1

[Event "CHIJ IIII"]
[Site "SchemingMind.com"]
[Date "2021.03.06"]
[Round "-"]
[White "David Perna-Fraser"]
[Black "Derek Price"]
[Result "1-0"]
[WhiteCountry "CAN"]
[BlackCountry "ENG"]
[WhiteElo "2001"]
[WhiteRD "82"]
[BlackElo "2255"]
[BlackRD "69"]
[GameID "708932"]

1. e4 c5 2. Nf3 d6 3. d4 cxd4 4. Nxd4 Nf6 5. Nc3 a6 6. f3 e6 7. Be3 b5 8. a3 Bb7 9. Qd2 Be7 10. g4 Nc6
11. O-O-O O-O 12. Nxc6 Bxc6 13. h4 Nd7 14. g5 Ne5 15. f4 Ng4 16. Bg1 f5 17. h5 fxe4 18. Bh3 Rxf4 19. Qg2 Bxg5 20. Kb1 Ne5
21. Bxe6+ Kh8 22. Be3 Nf3 23. Bxf4 Bxf4 24. Bd5 Bxd5 25. Rxd5 Qe7 26. Qg4 Nd2+ 27. Kc1 Rf8 28. Rxd2 h6 29. Kd1 Bxd2 30. Kxd2 e3+
31. Kc1 Qe5 32. Qe4 Qxe4 33. Nxe4 Kh7 34. Nxd6 Rf4 35. b3 g6 36. c4 bxc4 37. bxc4 Rd4 38. c5 gxh5 39. Re1 Rd5 40. Ne4 Kg6
41. Rxe3 h4 42. Kc2 Rd8 43. c6 Rc8 44. Rc3 h3 45. Kb3 h2 46. Ng3 Kg5 47. Kb4 Kf6 48. Ka5 Ke6 49. Kxa6 Kd6 50. Kb7 Rc7+
51. Kb6 Rc8 52. c7 Ke5 53. Kb7 Rg8 54. c8=Q Rxc8 55. Rxc8 Kf4 56. Rc3 Kg4 57. Nh1 h5 58. a4
1-0

[Event "CHIJ IIII"]
[Site "SchemingMind.com"]
[Date "2021.03.06"]
[Round "-"]
[White "David Perna-Fraser"]
[Black "grabapawn"]
[Result "0-1"]
[WhiteCountry "CAN"]
[BlackCountry "USA"]
[WhiteElo "1922"]
[WhiteRD "78"]
[BlackElo "1473"]
[BlackRD "64"]
[GameID "708933"]

1. e4 e5 2. Nf3 Nf6 3. Nxe5 Nc6 4. Nxc6 dxc6 5. d3 Bc5 6. Bg5 Nxe4 7. Be3 Bxe3 8. fxe3 Qh4+ 9. g3 Nxg3 10. hxg3 Qxh1
11. Kd2 Qh2+ 12. Kc1 Qxg3 13. e4 Bg4 14. Be2 Bxe2 15. Qxe2 Qg1+ 16. Kd2 O-O-O 17. a4 h5 18. a5 h4 19. a6 b6 20. Qf3 h3
21. Qxf7 h2 22. Qe6+ Rd7 23. Qxc6 Qf2+ 24. Kc3 Qc5+ 25. Qxc5 bxc5 26. Nd2 h1=Q 27. Rxh1 Rxh1 28. Kc4 Rh6 29. Kxc5 Rdd6 30. Nc4 Rxa6
31. b3 g5 32. Ne3 Rh5 33. d4 g4+ 34. e5 g3 35. Kd5 c6+ 36. Kd6 Kd8 37. e6 c5#
0-1

[Event "CHIJ IIII"]
[Site "SchemingMind.com"]
[Date "2021.03.04"]
[Round "-"]
[White "Daniel Dubé"]
[Black "David Perna-Fraser"]
[Result "0-1"]
[WhiteCountry "CAN"]
[BlackCountry "CAN"]
[WhiteElo "1622"]
[WhiteRD "60"]
[BlackElo "1974"]
[BlackRD "81"]
[GameID "708939"]

1. e4 c5 2. Nf3 Nc6 3. Bb5 g6 4. Bxc6 dxc6 5. d3 c4 6. O-O Bg4 7. h3 Bxf3 8. Qxf3 cxd3 9. cxd3 Bg7 10. Nc3 Nf6
11. Rd1 O-O 12. e5 Nd5 13. Nxd5 cxd5 14. d4 e6 15. Be3 Rc8 16. Rac1 Qa5 17. a3 Qb5 18. Rxc8 Rxc8 19. Rd2 Rc1+ 20. Kh2 Rb1
21. Rc2 Qd7 22. h4 h5 23. Bg5 Kh7 24. Bf6 Bh6 25. g4 hxg4 26. Qc3 Bf4+ 27. Kg2 Qb5
0-1

[Event "CHIJ IIII"]
[Site "SchemingMind.com"]
[Date "2021.03.06"]
[Round "-"]
[White "David Perna-Fraser"]
[Black "eliecercruzr"]
[Result "0-1"]
[WhiteCountry "CAN"]
[BlackCountry "CUB"]
[WhiteElo "1974"]
[WhiteRD "81"]
[BlackElo "2208"]
[BlackRD "100"]
[GameID "708942"]

1. e4 c5 2. Nf3 d6 3. d4 cxd4 4. Nxd4 Nf6 5. Nc3 a6 6. f3 e5 7. Nb3 Be7 8. Be3 Be6 9. Qd2 Nbd7 10. g4 O-O
11. O-O-O Qc7 12. h4 b5 13. h5 b4 14. Nd5 Bxd5 15. exd5 a5 16. g5 a4 17. Na1 a3 18. gxf6 axb2+ 19. Kxb2 Bxf6 20. Nb3 Nb6
21. Bb5 e4+ 22. Bd4 Bxd4+ 23. Qxd4 Rxa2+ 24. Kxa2 Qxc2+ 25. Qb2 Ra8+ 26. Ba4 Rxa4#
0-1

[Event "CHIJ IIII"]
[Site "SchemingMind.com"]
[Date "2021.03.04"]
[Round "-"]
[White "Helga1946"]
[Black "splinter"]
[Result "1-0"]
[WhiteCountry "GER"]
[BlackCountry "CAN"]
[WhiteElo "2263"]
[WhiteRD "69"]
[BlackElo "1853"]
[BlackRD "85"]
[GameID "708944"]

1. e4 c5 2. Nf3 Nc6 3. Bb5 g6 4. Nc3 Bg7 5. O-O e6 6. Bxc6 dxc6 7. a4 Nf6 8. e5 Nd7 9. Re1 Qc7 10. Qe2 O-O
11. d3 b6 12. Bf4 a6 13. Qe3 f6 14. exf6
1-0

[Event "CHIJ IIII"]
[Site "SchemingMind.com"]
[Date "2021.03.01"]
[Round "-"]
[White "JAHI"]
[Black "Transcendent"]
[Result "1-0"]
[WhiteCountry "INT"]
[BlackCountry "ENG"]
[WhiteElo "2003"]
[WhiteRD "66"]
[BlackElo "2049"]
[BlackRD "72"]
[GameID "708945"]

1. c3 e5 2. c4 Nf6 3. Nc3 Bb4 4. a3 Bxc3 5. bxc3 d6 6. g3 O-O 7. Bg2 c6 8. h3 Be6 9. d3 Re8 10. h4 e4
11. Kf1 exd3 12. exd3 h6 13. Nh3 Nbd7 14. Nf4 Bf5 15. Kg1 Qa5 16. Bd2 Ne5 17. Qf1 Qa4 18. Qd1= Qxd1+ 19. Rxd1 Bg4 20. Ra1 Nf3+
21. Bxf3 Bxf3 22. Rh3 Bg4 23. Rh1 Bf3 24. Rh3 Re5 25. a4 Rae8 26. h5 Ra5 27. Rh4 Ree5 28. Ng2 Rxh5 29. Rxh5 Rxh5 30. Nh4 Be2
31. Ng2 Bf3 32. Nh4 Be2 33. Ng2 Ra5 34. Ne1 Nd7 35. Ra2 g5 36. Rb2= b6 37. f3 Ne5 38. Bxg5 Bxd3 39. Bxh6 Rxa4 40. Rd2 Bxc4
41. Rxd6 Bd5 42. Rd8+ Kh7 43. Bf4 Nxf3+ 44. Nxf3
1-0

[Event "CHIJ IIII"]
[Site "SchemingMind.com"]
[Date "2021.03.04"]
[Round "-"]
[White "Helga1946"]
[Black "JAHI"]
[Result "1-0"]
[WhiteCountry "GER"]
[BlackCountry "INT"]
[WhiteElo "2250"]
[WhiteRD "69"]
[BlackElo "2012"]
[BlackRD "73"]
[GameID "708946"]

1. d4 d6 2. Nc3 g6 3. e4 Bg7 4. Nf3 Bg4 5. Be3 Nd7 6. h3 Bxf3 7. Qxf3 e6 8. h4 h6 9. O-O-O a6 10. Kb1 Ne7
11. g4 Qb8 12. Qg3 Kd8 13. h5 Kc8 14. Qf3 Rf8 15. g5 hxg5 16. Bxg5 f6 17. Be3 c6 18. Bc4 d5 19. h6 Bh8 20. exd5 cxd5
21. Bf4 e5 22. dxe5 fxe5 23. Nxd5 Qd6 24. Qh3 exf4 25. Nxe7+ Qxe7 26. Rxd7 Qxd7 27. Be6 Rf5 28. Re1 Qxe6 29. Rxe6 Kb8 30. Qb3 Re5
31. Rxe5 Bxe5 32. Qb4 Bh8 33. Qxf4+ Ka7 34. Qe3+ Kb8 35. Qb6 Be5 36. h7 Bh8 37. c4 a5 38. c5 Kc8 39. Qe6+ Kb8 40. Qd6+ Kc8
41. Qf8+ Kd7 42. Qxa8 Bf6 43. Qxb7+ Ke6 44. c6 Ke5 45. c7 Kf4 46. c8=Q Bd4 47. h8=Q Bxh8 48. Qf8+ Ke5 49. Qfe7+ Kf5 50. Qbe4#
1-0

[Event "CHIJ IIII"]
[Site "SchemingMind.com"]
[Date "2021.03.01"]
[Round "-"]
[White "splinter"]
[Black "JAHI"]
[Result "1/2-1/2"]
[WhiteCountry "CAN"]
[BlackCountry "INT"]
[WhiteElo "1841"]
[WhiteRD "83"]
[BlackElo "2088"]
[BlackRD "75"]
[GameID "708947"]

1. c4 d6 2. Nf3 g6 3. g3 Bg7 4. Bg2 a6 5. Nc3 a5 6. d4 Kf8 7. O-O h6 8. e4 h5 9. Be3 h4 10. Nxh4 Rxh4
11. gxh4 Nc6 12. h5 gxh5 13. Qxh5 Nxd4 14. Rad1 Nc2 15. Rd2 Nxe3 16. fxe3 Nf6=
1/2-1/2

[Event "CHIJ IIII"]
[Site "SchemingMind.com"]
[Date "2021.03.01"]
[Round "-"]
[White "MichaelChess"]
[Black "JAHI"]
[Result "1-0"]
[WhiteCountry "CUB"]
[BlackCountry "INT"]
[WhiteElo "2356"]
[WhiteRD "96"]
[BlackElo "2019"]
[BlackRD "72"]
[GameID "708948"]

1. e4 d6 2. d4 g6 3. Nc3 Bg7 4. Be3 a6 5. f4 Kf8 6. Nf3 Bg4 7. h3 Bxf3 8. Qxf3 e6 9. O-O-O Ne7 10. g4 Nd7
11. f5 Kg8 12. Bc4 exf5= 13. gxf5 Qf8 14. Rdf1 Bf6 15. h4 Qg7 16. h5 Rd8 17. e5 dxe5 18. h6 Qf8 19. Ne4 Nxf5 20. Qxf5 gxf5
21. Rhg1+ Bg7 22. Rxf5 b6 23. hxg7 Qxg7 24. Rxf7 Qxg1+ 25. Bxg1 b5 26. Bb3 Re8 27. Rxd7+ Re6 28. Nf6+ Kf8 29. Bxe6 b4 30. Rf7#
1-0

[Event "CHIJ IIII"]
[Site "SchemingMind.com"]
[Date "2021.03.01"]
[Round "-"]
[White "Daniel Dubé"]
[Black "Kenny Elliott"]
[Result "0-1"]
[WhiteCountry "CAN"]
[BlackCountry "USA"]
[WhiteElo "1637"]
[WhiteRD "62"]
[BlackElo "1547"]
[BlackRD "65"]
[GameID "708949"]

1. e4 c5 2. Nf3 d6 3. Bb5+ Bd7 4. Bxd7+ Nxd7 5. O-O Ngf6 6. Nc3 g6 7. d4 Bg7 8. h3 O-O 9. Be3 cxd4 10. Nxd4 Ne5
11. f4 Nc4 12. Bc1 e5 13. fxe5 Nxe5 14. Bg5 Qb6 15. Bxf6 Bxf6 16. Rxf6 Kg7 17. Rb1 Qd8 18. Rf2 a6 19. Nd5 Rc8 20. Qd2 Qd7
21. Rbf1 b5 22. Qg5 Qd8 23. Qxd8 Rfxd8 24. c3 Rf8 25. Rf6 Rcd8 26. Nf3 Nd3 27. Ng5 Rd7 28. Nb4 Nxb2 29. Ne6+ Kg8 30. Nxf8 Kxf8
31. Nd5 Nc4 32. h4 Ne5 33. h5 Kg7 34. h6+ Kxh6 35. Nb6 Rc7 36. Nd5 Rc4 37. R1f4 Ra4 38. g4 Rxa2 39. Ne3 Ra1+ 40. Kg2 Rc1
41. Nd5 a5 42. Ne7 Rxc3 43. Nd5= Rc2+ 44. Kg3= a4 45. Ne7 Kg7 46. g5 a3 47. Nd5 a2 48. Rf1 Rc4 49. Rxd6 Rxe4 50. Nf6 Rb4
51. Rd8 Rb3+ 52. Kg2 Rb2+ 53. Kg1 Nf3+ 54. Rxf3 a1=Q+ 55. Rf1 Qa7+ 56. Kh1 Qb7+ 57. Kg1 Qg2#
0-1

[Event "CHIJ IIII"]
[Site "SchemingMind.com"]
[Date "2021.03.03"]
[Round "-"]
[White "Derek Price"]
[Black "Daniel Dubé"]
[Result "1-0"]
[WhiteCountry "ENG"]
[BlackCountry "CAN"]
[WhiteElo "2188"]
[WhiteRD "68"]
[BlackElo "1635"]
[BlackRD "60"]
[GameID "708950"]

1. c4 e5 2. Nc3 Nf6 3. Nf3 Nc6 4. g3 d5 5. cxd5 Nxd5 6. Bg2 Nb6 7. O-O Be7 8. a3 O-O 9. b4 h6 10. d3 Be6
11. Bb2 f6 12. Qc2 a6 13. Ne4 Qd7 14. Nc5 Bxc5 15. bxc5 Nd5 16. Rfd1 Bh3 17. Bxh3 Qxh3 18. Qc4 Rfd8 19. e4 Na5 20. Qa2 Kh7
21. exd5 Qg4 22. Kg2 h5 23. Bc3 Kg6 24. Bxa5 Rh8 25. Bxc7 h4 26. Qe2 hxg3 27. Nxe5+
1-0

[Event "CHIJ IIII"]
[Site "SchemingMind.com"]
[Date "2021.03.03"]
[Round "-"]
[White "grabapawn"]
[Black "Daniel Dubé"]
[Result "0-1"]
[WhiteCountry "USA"]
[BlackCountry "CAN"]
[WhiteElo "1477"]
[WhiteRD "62"]
[BlackElo "1637"]
[BlackRD "62"]
[GameID "708951"]

1. d4 Nf6 2. Bf4 g6 3. Nc3 Bg7 4. e4 d6 5. Bc4 O-O 6. h3 Nxe4 7. Nf3 Nxc3 8. bxc3 Nd7 9. Ng5 e5 10. dxe5 dxe5
11. Be3 h6 12. h4 hxg5 13. hxg5 Nb6 14. Bb3 Qxd1+ 15. Rxd1 a5 16. a4 e4 17. c4 Bg4 18. Rc1 Rfd8 19. Rh4 Bc3+ 20. Kf1 Bf5
21. f3 exf3 22. gxf3 Bd2 23. Bxd2 Rxd2 24. Ke1 Rad8 25. c3 R2d3 26. Kf2 Rd2+ 27. Kg3 Kf8 28. Rch1 Ke7 29. Re1+ Kd7 30. c5 Na8
31. Bxf7 Kc6 32. Re5 Rc2 33. c4 Rdd2 34. Bd5+ Kxc5 35. Be4+ Kb4 36. Bxc2 Rxc2 37. c5+ Kb3 38. Rh8 Kxa4 39. Rxa8 b6 40. cxb6 cxb6
41. Rd8 b5 42. Rb8 Bd3 43. Rd5 Bc4 44. Rd6 Kb3 45. Rxg6 a4 46. Rh6 a3 47. g6 a2 48. Rh1 Kb2 49. g7 Rc1 50. Rxb5+ Bxb5
51. Rh2+ Rc2 52. Rxc2+ Kxc2 53. g8=Q a1=Q 54. Qh7+ Kd2 55. Qh6+ Kc2 56. Qh2+ Kb3 57. Qh6 Qg1+ 58. Kf4 Qc1+
0-1

[Event "CHIJ IIII"]
[Site "SchemingMind.com"]
[Date "2021.03.02"]
[Round "-"]
[White "Daniel Dubé"]
[Black "Gilligan"]
[Result "0-1"]
[WhiteCountry "CAN"]
[BlackCountry "USA"]
[WhiteElo "1645"]
[WhiteRD "59"]
[BlackElo "1695"]
[BlackRD "56"]
[GameID "708952"]

1. e4 e5 2. Nf3 Nf6 3. Nc3 Bc5 4. Nxe5 Nc6 5. Nxc6 dxc6 6. Bc4 Ng4 7. O-O Qh4 8. h3 Nxf2 9. Qf3 Nxh3+ 10. Kh2 Nf2+
11. Qh3 Bxh3
0-1

[Event "CHIJ IIII"]
[Site "SchemingMind.com"]
[Date "2021.03.01"]
[Round "-"]
[White "Daniel Dubé"]
[Black "Transcendent"]
[Result "0-1"]
[WhiteCountry "CAN"]
[BlackCountry "ENG"]
[WhiteElo "1622"]
[WhiteRD "60"]
[BlackElo "2107"]
[BlackRD "68"]
[GameID "708953"]

1. e4 e5 2. Nf3 Nc6 3. Nc3 Nf6 4. d4 exd4 5. Nxd4 Bb4 6. Nxc6 bxc6 7. Bd3 O-O 8. O-O d5 9. exd5 cxd5 10. h3 c6
11. Qf3 h6 12. Bd2 Be6 13. a3 Bd6 14. Bf4 Bxf4 15. Qxf4 c5 16. Rad1 Rb8 17. b3 Qa5 18. Qg3 Kh8 19. f4 Qxc3 20. Rf3 c4
21. f5 cxd3 22. Rfxd3 Qxc2 23. fxe6 fxe6 24. Re1 Ne4
0-1

[Event "CHIJ IIII"]
[Site "SchemingMind.com"]
[Date "2021.03.05"]
[Round "-"]
[White "Daniel Dubé"]
[Black "ramesse"]
[Result "0-1"]
[WhiteCountry "CAN"]
[BlackCountry "SVK"]
[WhiteElo "1635"]
[WhiteRD "60"]
[BlackElo "2558"]
[BlackRD "79"]
[GameID "708954"]

1. e4 e5 2. Nf3 Nc6 3. Nc3 Nf6 4. d4 exd4 5. Nxd4 Bb4 6. Nxc6 bxc6 7. Bd3 d5 8. exd5 cxd5 9. O-O O-O 10. h3 c6
11. Qf3 Re8 12. Bd2 a5 13. Rae1 a4 14. a3 Bd6 15. Bf4 Be6 16. Bxd6 Qxd6 17. Bf5 Qb8 18. Bxe6 fxe6 19. Rb1 Qa7 20. Rfe1 e5
21. Qf5 e4 22. g4 Rf8 23. Qe6+ Kh8 24. g5 Rae8 25. Qxc6 Ng4 26. hxg4 Qxf2+ 27. Kh1 Qh4+ 28. Kg1 Qxg4+
0-1

[Event "CHIJ IIII"]
[Site "SchemingMind.com"]
[Date "2021.03.05"]
[Round "-"]
[White "Helga1946"]
[Black "Daniel Dubé"]
[Result "1-0"]
[WhiteCountry "GER"]
[BlackCountry "CAN"]
[WhiteElo "2289"]
[WhiteRD "64"]
[BlackElo "1650"]
[BlackRD "61"]
[GameID "708955"]

1. e4 c5 2. Nc3 Nc6 3. Bb5 Nd4 4. Nf3 Nxf3+ 5. Qxf3 e6 6. b3 a6 7. Bd3 d6 8. Bb2 Qc7 9. O-O Nf6 10. a4 Be7
11. Qg3 O-O 12. f4 Nd7 13. Nd5
1-0

[Event "CHIJ IIII"]
[Site "SchemingMind.com"]
[Date "2021.03.01"]
[Round "-"]
[White "Daniel Dubé"]
[Black "JAHI"]
[Result "0-1"]
[WhiteCountry "CAN"]
[BlackCountry "INT"]
[WhiteElo "1635"]
[WhiteRD "60"]
[BlackElo "2075"]
[BlackRD "77"]
[GameID "708956"]

1. e4 d6 2. d4 g6 3. Nc3 Bg7 4. Be3 a6 5. Qd2 a5 6. O-O-O a4 7. a3 Bd7 8. f4 e6 9. g4 Ne7 10. e5 d5
11. h4 c6 12. Bh3 b6 13. h5 Qc7 14. Nf3 c5 15. Ne2 Na6 16. f5 Nc6 17. h6 Bf8 18. Ng5 cxd4 19. Nxd4 Nxd4 20. Bxd4 Bxh6
21. Bg2 Bxg5 22. Qxg5 Rc8 23. Qf6 Qxc2#
0-1

[Event "CHIJ IIII"]
[Site "SchemingMind.com"]
[Date "2021.03.03"]
[Round "-"]
[White "David Connolly"]
[Black "Daniel Dubé"]
[Result "1-0"]
[WhiteCountry "WLS"]
[BlackCountry "CAN"]
[WhiteElo "2024"]
[WhiteRD "68"]
[BlackElo "1650"]
[BlackRD "61"]
[GameID "708957"]

1. d4 Nf6 2. c4 g6 3. Nc3 Bg7 4. e4 d6 5. Nf3 O-O 6. Be2 e5 7. O-O Nc6 8. d5 Ne7 9. Ne1 Nd7 10. Be3 f5
11. f3 f4 12. Bf2 g5 13. a4 Nf6 14. c5 Ng6 15. a5 h5 16. cxd6 cxd6 17. Nb5 a6 18. Bb6 Qd7 19. Nc7 Rb8 20. Rc1 g4
21. Ba7
1-0